| Tag |
First Indicator |
Second Indicator |
Subfields |
| LEADER |
00000cam a22000001 4500 |
| 001 |
in00000023363 |
| 005 |
20151007064410.0 |
| 008 |
731212t19661967ohua b 000 0 eng |
| 010 |
|
|
|a 66024956
|
| 035 |
|
|
|a (OCoLC)00934183
|
| 035 |
|
|
|9 AAD9743AM
|
| 040 |
|
|
|a DLC
|c DLC
|d TXA
|d UtOrBLW
|
| 049 |
|
|
|a TXAM
|c [465476]
|
| 050 |
0 |
0 |
|a TA357
|b .P3
|
| 082 |
0 |
|
|a 620
|
| 092 |
|
|
|a 532.5
|b P211f, 1967
|
| 100 |
1 |
|
|a Pao, Richard H. F.
|q (Richard Hsien-feng),
|d 1926-
|
| 245 |
1 |
0 |
|a Fluid dynamics /
|c [by] Richard H. F. Pao. Consulting editor: Richard J. Grosh.
|
| 264 |
|
1 |
|a Columbus, Ohio :
|b C. E. Merrill Books,
|c [1966]
|
| 264 |
|
4 |
|c [©1967]
|
| 300 |
|
|
|a xiii, 497 pages :
|b illustrations ;
|c 24 cm.
|
| 336 |
|
|
|a text
|b txt
|2 rdacontent
|
| 337 |
|
|
|a unmediated
|b n
|2 rdamedia
|
| 338 |
|
|
|a volume
|b nc
|2 rdacarrier
|
| 504 |
|
|
|a Includes bibliographical references (pages 467-474) and index.
|
| 650 |
|
0 |
|a Fluid dynamics.
|
| 999 |
|
|
|a MARS
|
| 999 |
f |
f |
|s d4b3e6fc-917a-334f-8c15-7704747ddeed
|i fafd8f69-fbcd-353d-878d-87843176b5c9
|t 0
|
| 952 |
f |
f |
|p normal
|a Texas A&M University
|b College Station
|c Sterling C. Evans Library
|d Evans: Library Stacks
|t 0
|e TA357 .P3
|h Library of Congress classification
|i unmediated -- volume
|m A14800914785
|
| 998 |
f |
f |
|a TA357 .P3
|t 0
|l Evans: Library Stacks
|